000 01637nam a2200385 a 4500
001 000008577
003 DO-SdBNP
005 20170927090135.0
007 000008577
008 090917s1991 dr 000 p spa d
040 _aBPMSU
_bspa
_cBPMSU
082 4 _aRD860.9
_bE56L
111 2 _aEncuentro, Mujer y Escritura (
_d1989 :
_cSanto Domingo )
245 1 0 _aLibertad, creación e identidad :
_bselección ponencias.
260 _aSanto Domingo :
_bCE-MUJER:
_bUASD,
_c1991.
300 _axv, 268 p. ;
_c21 cm.
490 1 _aPublicaciones de la Universidad Autónoma de Santo Domingo ;
_v641
490 1 _aLiteratura y sociedad ;
_v12
650 4 _aLITERATURA HISPANOAMERICANA
_xMUJERES COMO AUTORAS
_xHISTORIA Y CRITICA
_xCONGRESOS, CONFERENCIAS, ETC.
650 4 _aLITERATURA
_xMUJERES COMO AUTORAS
_xCONGRESOS, CONFERENCIAS, ETC.
650 4 _aMUJERES EN LA LITERATURA
_zAMÉRICA LATINA
_xCONGRESOS, CONFERENCIAS, ETC.
710 2 2 _aUniversidad Autónoma de Santo Domingo
710 2 _aCentro de Solidaridad para el Desarrollo de la Mujer (República Dominicana)
830 0 _aPublicaciones de la Universidad Autónoma de Santo Domingo ;
_n641
830 0 _aLiteratura dominicana ;
_v12
910 _aValidado. Control de calidad BNPHU
930 1 _lBND01
_mLF1
_hRD860.9
_820090917
_f01
_pHD
_g4060
930 1 _lBND01
_mLF1
_hRD860.9
_820090917
_f01
_pHD
_g4060
_he. 2
942 _2ddc
_cBK
945 _aInventariado, 2017/MFF
956 _aSARMENTERO
_b10
_c20090917
_lBND01
_h1336
956 _aBTAVAREZ
_b10
_c20090928
_lBND01
_h0845
956 _aMFILETO
_b10
_c20091008
_lBND01
_h1353
956 _aVMATEO
_b10
_c20150805
_lBPMSU
_h00151
999 _c8082
_d8082